[Event "2. Bundesliga Ost 2016/2017"]
[Site "alle Wien"]
[Date "2017.04.01"]
[Round "10"]
[Board "2"]
[White "Certek, Pavel"]
[Black "Loeffler, Stefan"]
[Result "1/2-1/2"]
[WhiteElo "2249"]
[BlackElo "2378"]
[PlyCount "63"]
[EventDate "2016.10.15"]
[EventType "team"]
[EventRounds "11"]
[EventCountry "AUT"]
[WhiteTeam "ASVOE Mattersburg"]
[BlackTeam "ASVOE VHS Poechlarn"]

1. d4 Nf6 2. Nf3 g6 3. Bf4 d6 4. e3 Nh5 5. Bg5 h6 6. Bh4 g5 7. Nfd2 Ng7 8. Bg3
Nf5 9. Nc3 h5 10. h4 Nxg3 11. fxg3 g4 12. Bc4 e6 13. Qe2 d5 14. Bb3 c5 15. dxc5
Nd7 16. e4 d4 17. Nb5 Nxc5 18. Qc4 a6 19. Qxd4 Qxd4 20. Nxd4 Bg7 21. c3 b5 22.
Bc2 Bb7 23. N4b3 Rc8 24. Nxc5 Rxc5 25. Kf2 Bd4+ 26. cxd4 Rxc2 27. Ke3 Rxb2 28.
Rhb1 Rxd2 29. Kxd2 Bxe4 30. Rb2 Ke7 31. a4 Rb8 32. axb5 1/2-1/2

[Event "2. Bundesliga Ost 2016/2017"]
[Site "alle Wien"]
[Date "2017.04.01"]
[Round "10"]
[Board "3"]
[White "Ganaus, Hannes"]
[Black "Petran, Peter"]
[Result "1/2-1/2"]
[WhiteElo "2277"]
[BlackElo "2306"]
[PlyCount "95"]
[EventDate "2016.10.15"]
[EventType "team"]
[EventRounds "11"]
[EventCountry "AUT"]
[WhiteTeam "ASVOE VHS Poechlarn"]
[BlackTeam "ASVOE Mattersburg"]

1. d4 g6 2. c4 Bg7 3. Nc3 c5 4. d5 f5 5. h4 Nf6 6. e3 O-O 7. Be2 e5 8. h5 d6 9.
hxg6 hxg6 10. Nh3 Na6 11. Bd2 Nc7 12. Qc2 a6 13. a4 b6 14. f4 e4 15. Ng5 Bd7
16. g4 Qe7 17. gxf5 gxf5 18. O-O-O b5 19. Rdg1 Rfb8 20. Rg3 b4 21. Nb1 Nce8 22.
Qd1 Rb7 23. Qg1 Ng4 24. Bxg4 fxg4 25. Qh2 Nf6 26. b3 Bf5 27. Kd1 Qe8 28. Bc1
Qg6 29. Nd2 Kf8 30. Rgg1 Ke7 31. Bb2 Rbb8 32. Qg2 Rh8 33. Bxf6+ Qxf6 34. Ngxe4
Qb2 35. Ke2 Rae8 36. Rxh8 Rxh8 37. Ng3 Bc2 38. Ngf1 Rh4 39. Rh1 Rxh1 40. Qxh1
Bf6 41. Kf2 Bd3 42. Kg3 Qc1 43. e4 Be2 44. Qh7+ Kf8 45. Qh6+ Kf7 46. Qh7+ Kf8
47. Qh6+ Kf7 48. Qh7+ 1/2-1/2

[Event "2. Bundesliga Ost 2016/2017"]
[Site "alle Wien"]
[Date "2017.04.01"]
[Round "10"]
[Board "4"]
[White "Brod, Manfred"]
[Black "Wilke, Werner"]
[Result "1/2-1/2"]
[WhiteElo "2277"]
[BlackElo "2226"]
[PlyCount "73"]
[EventDate "2016.10.15"]
[EventType "team"]
[EventRounds "11"]
[EventCountry "AUT"]
[WhiteTeam "ASVOE Mattersburg"]
[BlackTeam "ASVOE VHS Poechlarn"]

1. e4 c5 2. Nf3 d6 3. d4 cxd4 4. Nxd4 Nf6 5. Nc3 e5 6. Bb5+ Bd7 7. Bxd7+ Qxd7
8. Nde2 Qc6 9. Ng3 Be7 10. Bg5 g6 11. O-O Nbd7 12. Qd3 h6 13. Bxf6 Nxf6 14.
Rfd1 a6 15. Nf1 Rc8 16. a4 O-O 17. Ne3 Rfd8 18. a5 Bf8 19. Ra4 Qd7 20. Rc4 Nh5
21. Ncd5 Rxc4 22. Nxc4 Qg4 23. f3 Qc8 24. b3 Qc5+ 25. Qe3 Rc8 26. g4 Nf4 27.
Qxc5 Rxc5 28. Nf6+ Kg7 29. Nd7 Rb5 30. Nxf8 Kxf8 31. Nxd6 Rxa5 32. Nxb7 Ra2 33.
Rd8+ Ke7 34. Rc8 Ne2+ 35. Kf1 Nd4 36. Rc7+ Kf6 37. Nd6 1/2-1/2

[Event "2. Bundesliga Ost 2016/2017"]
[Site "alle Wien"]
[Date "2017.04.01"]
[Round "10"]
[Board "5"]
[White "Ernst, Michael"]
[Black "Pallitsch, Clemens"]
[Result "1/2-1/2"]
[WhiteElo "2071"]
[BlackElo "2202"]
[PlyCount "60"]
[EventDate "2016.10.15"]
[EventType "team"]
[EventRounds "11"]
[EventCountry "AUT"]
[WhiteTeam "ASVOE VHS Poechlarn"]
[BlackTeam "ASVOE Mattersburg"]

1. d4 d5 2. Bf4 Nf6 3. e3 g6 4. h3 Bg7 5. Nf3 O-O 6. Be2 c5 7. c3 Nc6 8. Nbd2
Nd7 9. O-O e5 10. dxe5 Ndxe5 11. Nxe5 Nxe5 12. Nf3 Nc6 13. Qb3 Qb6 14. Qxb6
axb6 15. Rfd1 Be6 16. Bc7 Rfc8 17. Bxb6 Nb8 18. a4 Nd7 19. a5 Nxb6 20. axb6
Rxa1 21. Rxa1 Rc6 22. Ra8+ Bf8 23. Ng5 h6 24. Nxe6 fxe6 25. Ra5 Rxb6 26. Rb5
Rxb5 27. Bxb5 Kf7 28. f4 e5 29. Kf2 Bg7 30. Ke2 Ke6 1/2-1/2

[Event "2. Bundesliga Ost 2016/2017"]
[Site "alle Wien"]
[Date "2017.04.01"]
[Round "10"]
[Board "6"]
[White "Salamon, Werner"]
[Black "Lammer, Stefan"]
[Result "0-1"]
[WhiteElo "2157"]
[BlackElo "2070"]
[PlyCount "58"]
[EventDate "2016.10.15"]
[EventType "team"]
[EventRounds "11"]
[EventCountry "AUT"]
[WhiteTeam "ASVOE Mattersburg"]
[BlackTeam "ASVOE VHS Poechlarn"]

1. e4 e5 2. Nf3 Nc6 3. Bb5 a6 4. Bxc6 dxc6 5. O-O f6 6. d4 exd4 7. Nxd4 c5 8.
Nb3 Qxd1 9. Rxd1 Bd6 10. Be3 b6 11. Nc3 Ne7 12. f3 Be6 13. Ne2 O-O-O 14. g3 Nc6
15. Nf4 Bf7 16. Kf2 a5 17. Nd5 a4 18. Nd2 Bxd5 19. exd5 Nb4 20. Ne4 Nxc2 21.
Rac1 Nxe3 22. Kxe3 Rhe8 23. Kf2 Be5 24. Nc3 Bd4+ 25. Kf1 Re3 26. Kg2 a3 27. Nb5
Re2+ 28. Kh3 axb2 29. Rc4 Rxd5 0-1

[Event "2. Bundesliga Ost 2016/2017"]
[Site "alle Wien"]
[Date "2017.04.01"]
[Round "10"]
[Board "1"]
[White "Rubil, Marko"]
[Black "Videki, Sandor"]
[Result "1/2-1/2"]
[WhiteElo "2306"]
[BlackElo "2421"]
[PlyCount "80"]
[EventDate "2016.10.15"]
[EventType "team"]
[EventRounds "11"]
[EventCountry "AUT"]
[WhiteTeam "SZ Favoriten"]
[BlackTeam "SC Data Technology Pressbaum/E."]

1. e4 e6 2. d4 d5 3. e5 c5 4. c3 Nc6 5. Nf3 Qb6 6. a3 Nh6 7. b4 cxd4 8. Bxh6
gxh6 9. cxd4 Rg8 10. Nc3 Bd7 11. Na4 Qd8 12. g3 Rg4 13. Be2 b5 14. Bxb5 a5 15.
O-O axb4 16. Rc1 Rc8 17. Nc5 Bxc5 18. Rxc5 bxa3 19. Qc2 Ne7 20. Rxc8 Qxc8 21.
Bxd7+ Qxd7 22. Rc1 Nf5 23. Qb3 Qa7 24. Rc8+ Kd7 25. Rb8 Kc7 26. Rf8 Rg7 27.
Qc3+ Kb7 28. Qc8+ Kb6 29. Qc5+ Kb7 30. Qb5+ Kc7 31. Qe8 a2 32. Qc8+ Kb6 33.
Qc5+ Kb7 34. Qc8+ Kb6 35. Qc5+ Ka6 36. Qa3+ Kb7 37. Qb3+ Kc7 38. Qc3+ Kb7 39.
Qb3+ Kc7 40. Qc3+ Kb7 1/2-1/2

[Event "2. Bundesliga Ost 2016/2017"]
[Site "alle Wien"]
[Date "2017.04.01"]
[Round "10"]
[Board "2"]
[White "Rumpl, Erwin"]
[Black "Ivancsics, Michael"]
[Result "1-0"]
[WhiteElo "2317"]
[BlackElo "2231"]
[PlyCount "107"]
[EventDate "2016.10.15"]
[EventType "team"]
[EventRounds "11"]
[EventCountry "AUT"]
[WhiteTeam "SC Data Technology Pressbaum/E."]
[BlackTeam "SZ Favoriten"]

1. e4 c5 2. Nf3 Nc6 3. Bb5 Nf6 4. Bxc6 dxc6 5. d3 g6 6. h3 Bg7 7. Nc3 O-O 8.
Be3 b6 9. Qd2 e5 10. Bh6 Qd6 11. Bxg7 Kxg7 12. O-O Ne8 13. Nd1 Nc7 14. Ne3 f6
15. a3 Be6 16. Rfb1 Rfd8 17. b3 Qd7 18. Nh2 h5 19. Rf1 Qd4 20. Nf3 Qd7 21. Nh2
Qd4 22. Nf3 Qd7 23. Nh4 Qd4 24. Qe2 Nb5 25. a4 Nd6 26. Qf3 Rac8 27. Rac1 Nf7
28. Qg3 Ng5 29. Nd5 Rxd5 30. exd5 cxd5 31. Nxg6 Kxg6 32. h4 Qf4 33. Qxf4 exf4
34. hxg5 fxg5 35. c3 a5 36. d4 Kf6 37. f3 Bf5 38. Rfe1 Be6 39. Kf2 Bf7 40. Ke2
Be6 41. Kd2 h4 42. Re5 Bf7 43. Rce1 Rh8 44. Re7 h3 45. gxh3 Rxh3 46. Rb7 cxd4
47. Rxb6+ Kf5 48. cxd4 Rxf3 49. Re5+ Kg4 50. Rf6 Bh5 51. Rff5 Rf2+ 52. Ke1 Kf3
53. Rxg5 Bf7 54. Rg7 1-0

[Event "2. Bundesliga Ost 2016/2017"]
[Site "alle Wien"]
[Date "2017.04.01"]
[Round "10"]
[Board "3"]
[White "Steiner, Bruno"]
[Black "Weissenbeck, Manuel"]
[Result "0-1"]
[WhiteElo "2166"]
[BlackElo "2229"]
[PlyCount "62"]
[EventDate "2016.10.15"]
[EventType "team"]
[EventRounds "11"]
[EventCountry "AUT"]
[WhiteTeam "SZ Favoriten"]
[BlackTeam "SC Data Technology Pressbaum/E."]

1. c4 e5 2. g3 Nf6 3. Bg2 Nc6 4. Nc3 Bb4 5. Nd5 Nxd5 6. cxd5 Ne7 7. Nf3 Bd6 8.
O-O O-O 9. e4 c5 10. dxc6 dxc6 11. d4 Ng6 12. Qc2 Bg4 13. Nxe5 Nxe5 14. dxe5
Bxe5 15. h3 Be6 16. Be3 Qf6 17. Rad1 Rfd8 18. f4 Bd4 19. Bxd4 Rxd4 20. e5 Qd8
21. Kh2 g6 22. g4 Rxd1 23. Rxd1 Qh4 24. Bf3 h5 25. Qe2 Kg7 26. Rg1 hxg4 27.
Bxg4 Rh8 28. f5 Bxf5 29. Qe3 Bxg4 30. Rxg4 Qxg4 31. e6 Qxe6 0-1

[Event "2. Bundesliga Ost 2016/2017"]
[Site "alle Wien"]
[Date "2017.04.01"]
[Round "10"]
[Board "4"]
[White "Neumeier, Klaus"]
[Black "Chulis, Alexander"]
[Result "1-0"]
[WhiteElo "2286"]
[BlackElo "2157"]
[PlyCount "37"]
[EventDate "2016.10.15"]
[EventType "team"]
[EventRounds "11"]
[EventCountry "AUT"]
[WhiteTeam "SC Data Technology Pressbaum/E."]
[BlackTeam "SZ Favoriten"]

1. Nf3 d5 2. g3 c6 3. c4 e6 4. Bg2 Be7 5. O-O Bf6 6. d4 Nd7 7. Qc2 Ne7 8. Nbd2
Nf5 9. e4 dxe4 10. Nxe4 Nxd4 11. Nxd4 Bxd4 12. Nd6+ Kf8 13. Be3 Be5 14. Rad1
Bxd6 15. Rxd6 Qe7 16. Rfd1 g5 17. Qc3 Rg8 18. Bc5 e5 19. Ba3 1-0

[Event "2. Bundesliga Ost 2016/2017"]
[Site "alle Wien"]
[Date "2017.04.01"]
[Round "10"]
[Board "5"]
[White "Miazhynski, Yuri"]
[Black "Hechl, Gerald"]
[Result "1/2-1/2"]
[WhiteElo "2059"]
[BlackElo "2251"]
[PlyCount "80"]
[EventDate "2016.10.15"]
[EventType "team"]
[EventRounds "11"]
[EventCountry "AUT"]
[WhiteTeam "SZ Favoriten"]
[BlackTeam "SC Data Technology Pressbaum/E."]

1. e4 e5 2. f4 Nc6 3. Nf3 f5 4. d4 exd4 5. e5 Bb4+ 6. c3 dxc3 7. bxc3 Bc5 8.
Nbd2 Nh6 9. Nb3 Bb6 10. Ba3 d6 11. exd6 O-O 12. Qd5+ Kh8 13. O-O-O Qf6 14. d7
Bxd7 15. Bxf8 Rxf8 16. Qxd7 Rd8 17. Qxd8+ Nxd8 18. Ne5 Be3+ 19. Kc2 Bxf4 20.
Nd3 Bd6 21. Be2 Ne6 22. Bf3 b6 23. Rhe1 g6 24. Bd5 Nd8 25. Re8+ Kg7 26. Rde1
Nhf7 27. Nd4 c5 28. Ne6+ Nxe6 29. R1xe6 Qh4 30. Ra8 Qa4+ 31. Bb3 Qc6 32. Rxa7
c4 33. Bxc4 Qxc4 34. Rxd6 Kh6 35. Rdd7 Ng5 36. g3 Nf3 37. Rxh7+ Kg5 38. h4+ Kg4
39. Rhg7 Qe6 40. Rge7 Qd6 1/2-1/2

[Event "2. Bundesliga Ost 2016/2017"]
[Site "alle Wien"]
[Date "2017.04.01"]
[Round "10"]
[Board "6"]
[White "Wandl, Werner"]
[Black "Heissenberger, Andreas"]
[Result "1-0"]
[WhiteElo "2057"]
[BlackElo "1979"]
[PlyCount "61"]
[EventDate "2016.10.15"]
[EventType "team"]
[EventRounds "11"]
[EventCountry "AUT"]
[WhiteTeam "SC Data Technology Pressbaum/E."]
[BlackTeam "SZ Favoriten"]

1. d4 Nf6 2. Nf3 g6 3. b3 Bg7 4. Bb2 O-O 5. Nbd2 d5 6. e3 Bg4 7. Bd3 Nbd7 8. h3
Bf5 9. Bxf5 gxf5 10. Ne5 e6 11. g4 Nxe5 12. dxe5 Ne4 13. gxf5 Qh4 14. Qf3 exf5
15. Rg1 Kh8 16. Qxf5 Nxd2 17. Kxd2 c5 18. Rg5 h6 19. Rh5 Qe4 20. Qxe4 dxe4 21.
Rg1 Kh7 22. Rg4 f5 23. exf6 Bxf6 24. Bxf6 Rxf6 25. Rxc5 Rxf2+ 26. Kc3 Rf3 27.
Rc7+ Kh8 28. Rxe4 Rxh3 29. Ree7 Rb8 30. Kd4 Rh2 31. Rxb7 1-0

[Event "2. Bundesliga Ost 2016/2017"]
[Site "alle Wien"]
[Date "2017.04.01"]
[Round "10"]
[Board "1"]
[White "Lipka, Juraj"]
[Black "Stanec, Nikolaus"]
[Result "1/2-1/2"]
[WhiteElo "2421"]
[BlackElo "2444"]
[PlyCount "30"]
[EventDate "2016.10.15"]
[EventType "team"]
[EventRounds "11"]
[EventCountry "AUT"]
[WhiteTeam "ASVOE Pamhagen"]
[BlackTeam "SC Donaustadt"]

1. Nf3 Nf6 2. c4 g6 3. g3 d6 4. d4 Bg7 5. Bg2 O-O 6. O-O Nc6 7. d5 Nb8 8. Nc3
c6 9. h3 e5 10. e4 cxd5 11. cxd5 a6 12. a4 Nbd7 13. Nd2 Bh6 14. b3 Ne8 15. Bb2
Rb8 1/2-1/2

[Event "2. Bundesliga Ost 2016/2017"]
[Site "alle Wien"]
[Date "2017.04.01"]
[Round "10"]
[Board "2"]
[White "Kummer, Helmut"]
[Black "Maslik, Miroslav"]
[Result "0-1"]
[WhiteElo "2299"]
[BlackElo "2355"]
[PlyCount "64"]
[EventDate "2016.10.15"]
[EventType "team"]
[EventRounds "11"]
[EventCountry "AUT"]
[WhiteTeam "SC Donaustadt"]
[BlackTeam "ASVOE Pamhagen"]

1. d4 Nf6 2. c4 g6 3. Nc3 d5 4. cxd5 Nxd5 5. e4 Nxc3 6. bxc3 Bg7 7. Bc4 c5 8.
Ne2 O-O 9. O-O Nc6 10. Be3 b6 11. Qd2 Bb7 12. Bh6 cxd4 13. Bxg7 Kxg7 14. cxd4
Rc8 15. Rac1 Qd6 16. Qe3 Na5 17. Bb3 Ba6 18. Rxc8 Rxc8 19. Rd1 Bxe2 20. Qxe2
Qb4 21. Qg4 Rc3 22. Bd5 Rd3 23. h4 Rxd4 24. h5 Rxd1+ 25. Qxd1 e6 26. Qa1+ Kg8
27. a3 Qd2 28. Qe5 exd5 29. Qe8+ Kg7 30. hxg6 Qc1+ 31. Kh2 Qf4+ 32. Kg1 hxg6
 0-1

[Event "2. Bundesliga Ost 2016/2017"]
[Site "alle Wien"]
[Date "2017.04.01"]
[Round "10"]
[Board "3"]
[White "Horvath, Dominik"]
[Black "Pingitzer, Harald"]
[Result "1-0"]
[WhiteElo "2269"]
[BlackElo "2314"]
[PlyCount "75"]
[EventDate "2016.10.15"]
[EventType "team"]
[EventRounds "11"]
[EventCountry "AUT"]
[WhiteTeam "ASVOE Pamhagen"]
[BlackTeam "SC Donaustadt"]

1. Nf3 d5 2. d4 c6 3. c4 e6 4. e3 Nf6 5. Nc3 Nbd7 6. Qc2 Bd6 7. Bd3 dxc4 8.
Bxc4 b5 9. Be2 Bb7 10. O-O a6 11. e4 e5 12. Bg5 h5 13. Rad1 Qc7 14. dxe5 Nxe5
15. Nxe5 Bxe5 16. f4 Nh7 17. fxe5 Nxg5 18. Rd6 Qe7 19. Qd3 g6 20. b4 Ne6 21.
Bd1 Rd8 22. Bb3 Bc8 23. Rd1 O-O 24. Kh1 Rde8 25. Rxc6 Nf4 26. Qg3 Qxe5 27. Rf1
Bb7 28. Rc5 Ne2 29. Qxg6+ Qg7 30. Qxg7+ Kxg7 31. Nxe2 Rxe4 32. Ng3 Rxb4 33.
Rg5+ Kh6 34. Rxh5+ Kg6 35. Bc2+ Kg7 36. Nf5+ Kg8 37. Ne7+ Kg7 38. Rh7# 1-0

[Event "2. Bundesliga Ost 2016/2017"]
[Site "alle Wien"]
[Date "2017.04.01"]
[Round "10"]
[Board "4"]
[White "Sandhu, Mario"]
[Black "Vitouch, Anatol"]
[Result "0-1"]
[WhiteElo "2280"]
[BlackElo "2320"]
[PlyCount "86"]
[EventDate "2016.10.15"]
[EventType "team"]
[EventRounds "11"]
[EventCountry "AUT"]
[WhiteTeam "SC Donaustadt"]
[BlackTeam "ASVOE Pamhagen"]

1. Nf3 c5 2. c4 g6 3. g3 Bg7 4. Bg2 Nc6 5. O-O e5 6. Nc3 Nge7 7. Ne1 O-O 8. d3
d6 9. Nc2 Rb8 10. a3 b6 11. Bd2 Nd4 12. Ne3 Bb7 13. Ned5 Nxd5 14. Nxd5 Qd7 15.
b4 f5 16. e3 Ne6 17. f4 exf4 18. gxf4 Nc7 19. Rb1 Nxd5 20. cxd5 Ba6 21. Be1
Rfe8 22. bxc5 bxc5 23. Bf2 Rxb1 24. Qxb1 Qa4 25. Rd1 Qxa3 26. Rd2 Qb4 27. Qa2
c4 28. Qxa6 Qxd2 29. dxc4 Qb4 30. Qxa7 Qxc4 31. Qd7 Rb8 32. Qe6+ Kh8 33. Bf1
Qc5 34. Bh4 h6 35. Bf6 Rb7 36. Kf2 Bxf6 37. Qxf6+ Kh7 38. Qe6 Qc7 39. Bd3 Qe7
40. Qc8 Qh4+ 41. Kg2 Re7 42. Qc1 Qg4+ 43. Kf2 Qh3 0-1

[Event "2. Bundesliga Ost 2016/2017"]
[Site "alle Wien"]
[Date "2017.04.01"]
[Round "10"]
[Board "5"]
[White "Hapala, Elisabeth"]
[Black "Pichler, Andreas"]
[Result "1-0"]
[WhiteElo "2026"]
[BlackElo "2073"]
[PlyCount "81"]
[EventDate "2016.10.15"]
[EventType "team"]
[EventRounds "11"]
[EventCountry "AUT"]
[WhiteTeam "ASVOE Pamhagen"]
[BlackTeam "SC Donaustadt"]

1. e4 c5 2. Nf3 d6 3. d4 cxd4 4. Nxd4 Nf6 5. Nc3 a6 6. Be3 e6 7. f3 Be7 8. Qd2
Qc7 9. g4 Nc6 10. O-O-O Nxd4 11. Bxd4 b5 12. Kb1 e5 13. Be3 b4 14. Nd5 Nxd5 15.
exd5 Rb8 16. Bd3 O-O 17. h4 a5 18. h5 f5 19. gxf5 Bxf5 20. Rdg1 Qd7 21. Rh2 Kh8
22. Rhg2 Rf7 23. Be4 Bxe4 24. fxe4 Qb5 25. Qd3 Bf6 26. h6 Rc7 27. Qxb5 Rxb5 28.
Rf2 Rb8 29. Rgf1 Kg8 30. Rg2 Rf7 31. b3 Kf8 32. Rgf2 Rbb7 33. Kc1 Bd8 34. hxg7+
Kxg7 35. Bh6+ Kg6 36. Rg1+ Kh5 37. Rh2+ Bh4 38. Bg5 Rf1+ 39. Rxf1 Kxg5 40. Rg1+
Kh5 41. Rgh1 1-0

[Event "2. Bundesliga Ost 2016/2017"]
[Site "alle Wien"]
[Date "2017.04.01"]
[Round "10"]
[Board "6"]
[White "Hofbauer, Peter"]
[Black "Travenec, Igor"]
[Result "1/2-1/2"]
[WhiteElo "2045"]
[BlackElo "2173"]
[PlyCount "36"]
[EventDate "2016.10.15"]
[EventType "team"]
[EventRounds "11"]
[EventCountry "AUT"]
[WhiteTeam "SC Donaustadt"]
[BlackTeam "ASVOE Pamhagen"]

1. e4 e6 2. d4 d5 3. exd5 exd5 4. Bd3 Bd6 5. Ne2 Ne7 6. Bf4 O-O 7. Bxd6 Qxd6 8.
O-O Bf5 9. Ng3 Bxd3 10. Qxd3 Nd7 11. Nd2 Rfe8 12. Rfe1 Qg6 13. Qxg6 hxg6 14.
Kf1 Nc6 15. c3 Kf8 16. Rxe8+ Rxe8 17. Re1 Rxe1+ 18. Kxe1 Ke7 1/2-1/2

[Event "2. Bundesliga Ost 2016/2017"]
[Site "alle Wien"]
[Date "2017.04.01"]
[Round "10"]
[Board "1"]
[White "Mazur, Stefan"]
[Black "Penz, Harald"]
[Result "1-0"]
[WhiteElo "2446"]
[BlackElo "2315"]
[PlyCount "84"]
[EventDate "2016.10.15"]
[EventType "team"]
[EventRounds "11"]
[EventCountry "AUT"]
[WhiteTeam "SK Austria"]
[BlackTeam "SK Hietzing"]

1. e4 e5 2. Nf3 Nf6 3. Nxe5 d6 4. Nf3 Nxe4 5. d4 d5 6. Bd3 Nc6 7. O-O Be7 8.
Nc3 Nxc3 9. bxc3 O-O 10. h3 Be6 11. Re1 Re8 12. Rb1 Rb8 13. Bf4 Bd6 14. Bd2 f6
15. Nh4 Bf7 16. Rxe8+ Qxe8 17. Qg4 g6 18. Nf5 Bf8 19. Re1 Qc8 20. Qg3 Qd7 21.
Nh6+ Kh8 22. h4 Bd6 23. Qf3 Kg7 24. Ng4 f5 25. Ne5 Nxe5 26. dxe5 Bc5 27. h5 Be6
28. Qh3 Qf7 29. Bg5 Be7 30. hxg6 hxg6 31. Qh6+ Kg8 32. Bxe7 Qxe7 33. Qxg6+ Kf8
34. Bxf5 Bxf5 35. Qxf5+ Ke8 36. e6 c6 37. Qe5 Rc8 38. Qh8+ Qf8 39. Qh5+ Ke7 40.
Qh7+ Kd6 41. Qd7+ Kc5 42. e7 Qe8 1-0

[Event "2. Bundesliga Ost 2016/2017"]
[Site "alle Wien"]
[Date "2017.04.01"]
[Round "10"]
[Board "2"]
[White "Djeno, Drago"]
[Black "Hangweyrer, Manfred"]
[Result "1-0"]
[WhiteElo "2224"]
[BlackElo "2384"]
[PlyCount "97"]
[EventDate "2016.10.15"]
[EventType "team"]
[EventRounds "11"]
[EventCountry "AUT"]
[WhiteTeam "SK Hietzing"]
[BlackTeam "SK Austria"]

1. c4 Nf6 2. Nf3 c6 3. g3 d5 4. b3 dxc4 5. bxc4 e5 6. Bg2 Nbd7 7. O-O Bd6 8.
Nc3 O-O 9. Qc2 Re8 10. d3 h6 11. Nd2 Bc7 12. Ba3 Nf8 13. Bxf8 Rxf8 14. Rab1 Nh7
15. e3 Ng5 16. f4 exf4 17. gxf4 Nh7 18. d4 Nf6 19. Qd3 Re8 20. e4 Bb6 21. Nb3
a5 22. a4 Nd7 23. Rbd1 Qe7 24. c5 Bc7 25. e5 Rd8 26. Qg3 f5 27. d5 Bb8 28. d6
Qf7 29. Nd5 Ba7 30. Kh1 Nxc5 31. Nxc5 Bxc5 32. Nc7 Rb8 33. Rfe1 Be6 34. Rc1 Bb4
35. Red1 Kh8 36. Nxe6 Qxe6 37. Bf1 Rd7 38. Bc4 Qe8 39. Rg1 Qf8 40. Qg6 Bxd6 41.
Be6 Rdd8 42. Bxf5 Qg8 43. exd6 Rf8 44. Be6 Qh7 45. f5 Rf6 46. d7 Rd8 47. Rcd1
Rff8 48. Qxh7+ Kxh7 49. Rg6 1-0

[Event "2. Bundesliga Ost 2016/2017"]
[Site "alle Wien"]
[Date "2017.04.01"]
[Round "10"]
[Board "3"]
[White "Theissl-Pokorna, Regina"]
[Black "Janetschek, Karl"]
[Result "0-1"]
[WhiteElo "2324"]
[BlackElo "2184"]
[PlyCount "78"]
[EventDate "2016.10.15"]
[EventType "team"]
[EventRounds "11"]
[EventCountry "AUT"]
[WhiteTeam "SK Austria"]
[BlackTeam "SK Hietzing"]

1. e4 e5 2. Nf3 Nc6 3. Bc4 Nf6 4. d4 exd4 5. e5 d5 6. Bb5 Ne4 7. Nxd4 Bd7 8.
Bxc6 bxc6 9. O-O Bc5 10. f3 Ng5 11. f4 Ne6 12. Be3 Qh4 13. Nf5 Bxe3+ 14. Kh1
Qxf4 15. Rxf4 Bxf4 16. Nc3 g6 17. Nh4 Bxe5 18. Nxd5 cxd5 19. Qxd5 Bxb2 20. Rb1
Rb8 21. Nf3 Rb6 22. Qa8+ Ke7 23. Qxa7 Rhb8 24. h3 Bc6 25. Re1 Kd8 26. Qa5 Ra8
27. Qd2+ Kc8 28. Ne5 Bxe5 29. Rxe5 Ra3 30. Kh2 Rb2 31. Qf2 Raxa2 32. Qxf7 Nd8
33. Qg8 Rxc2 34. Kg3 Rxg2+ 35. Kf4 Raf2+ 36. Ke3 Rf3+ 37. Kd4 Rxh3 38. Re1 Rg4+
39. Ke5 Rf3 0-1

[Event "2. Bundesliga Ost 2016/2017"]
[Site "alle Wien"]
[Date "2017.04.01"]
[Round "10"]
[Board "4"]
[White "Wagner, Stefan"]
[Black "Druckenthaner, Andreas"]
[Result "1/2-1/2"]
[WhiteElo "2152"]
[BlackElo "2267"]
[PlyCount "34"]
[EventDate "2016.10.15"]
[EventType "team"]
[EventRounds "11"]
[EventCountry "AUT"]
[WhiteTeam "SK Hietzing"]
[BlackTeam "SK Austria"]

1. c4 e5 2. g3 Nc6 3. Bg2 d6 4. Nc3 Be6 5. d3 Qd7 6. e4 g6 7. Be3 Bg7 8. Qd2
Nd4 9. Bxd4 exd4 10. Nce2 Ne7 11. Nf3 c5 12. O-O f6 13. b4 Nc6 14. bxc5 dxc5
15. Rab1 Rb8 16. Nf4 O-O 17. Nxe6 Qxe6 1/2-1/2

[Event "2. Bundesliga Ost 2016/2017"]
[Site "alle Wien"]
[Date "2017.04.01"]
[Round "10"]
[Board "5"]
[White "Higatsberger, Michael"]
[Black "Ploner, Ferdinand"]
[Result "1-0"]
[WhiteElo "2159"]
[BlackElo "2199"]
[PlyCount "53"]
[EventDate "2016.10.15"]
[EventType "team"]
[EventRounds "11"]
[EventCountry "AUT"]
[WhiteTeam "SK Austria"]
[BlackTeam "SK Hietzing"]

1. e4 c6 2. d4 d5 3. e5 Bf5 4. h4 h5 5. Bd3 Bxd3 6. Qxd3 e6 7. Bg5 Be7 8. Nf3
c5 9. Bxe7 Nxe7 10. Qb5+ Qd7 11. Qxc5 Na6 12. Qa3 Qc6 13. c3 b5 14. O-O Rb8 15.
Nbd2 Nc8 16. Rac1 Nc7 17. b3 Nb6 18. Rfe1 Kd7 19. Rc2 f6 20. Rec1 Rhc8 21. c4
bxc4 22. bxc4 Nxc4 23. Nxc4 Nb5 24. Qd3 dxc4 25. Qg6 Na3 26. Qxg7+ Ke8 27. exf6
 1-0

[Event "2. Bundesliga Ost 2016/2017"]
[Site "alle Wien"]
[Date "2017.04.01"]
[Round "10"]
[Board "6"]
[White "Stadler, Peter"]
[Black "Iro, Christian"]
[Result "1/2-1/2"]
[WhiteElo "2082"]
[BlackElo "1947"]
[PlyCount "55"]
[EventDate "2016.10.15"]
[EventType "team"]
[EventRounds "11"]
[EventCountry "AUT"]
[WhiteTeam "SK Hietzing"]
[BlackTeam "SK Austria"]

1. Nf3 d5 2. b3 c5 3. e3 Nc6 4. Bb2 Bg4 5. h3 Bh5 6. Bb5 e6 7. g4 Bg6 8. Ne5
Qc7 9. h4 Be4 10. Rg1 d4 11. Bxc6+ bxc6 12. exd4 cxd4 13. Bxd4 Rd8 14. Bc3 f6
15. Nf3 Qf4 16. Rg3 h5 17. g5 Ne7 18. gxf6 gxf6 19. Nd4 Rxd4 20. Bxd4 Nf5 21.
Be3 Qxh4 22. Rg1 Qh2 23. Ke2 Nh4 24. Rg3 Nf5 25. Rg1 Nh4 26. Rg3 Nf5 27. Rg1
Nh4 28. Rg3 1/2-1/2

[Event "2. Bundesliga Ost 2016/2017"]
[Site "alle Wien"]
[Date "2017.04.01"]
[Round "10"]
[Board "1"]
[White "Jankovic, Alojzije"]
[Black "Bachofner, Andreas"]
[Result "1-0"]
[WhiteElo "2579"]
[BlackElo "2214"]
[PlyCount "87"]
[EventDate "2016.10.15"]
[EventType "team"]
[EventRounds "11"]
[EventCountry "AUT"]
[WhiteTeam "SK Advisory Invest Baden"]
[BlackTeam "Blackburne Nickelsdorf 2"]

1. d4 e6 2. c4 f5 3. g3 Nf6 4. Bg2 d6 5. Nf3 Be7 6. O-O O-O 7. b3 Ne4 8. Bb2
Bf6 9. Nbd2 Nc6 10. Ne1 Nxd2 11. Qxd2 e5 12. Bd5+ Kh8 13. Bxc6 bxc6 14. dxe5
dxe5 15. Qxd8 Rxd8 16. Nd3 Re8 17. f4 e4 18. Bxf6 exd3 19. Be5 dxe2 20. Rfe1
Re7 21. Rxe2 Kg8 22. Rd1 Bb7 23. Red2 Rae8 24. Rd7 c5 25. Bxc7 Bc6 26. Rxe7
Rxe7 27. Rd8+ Kf7 28. Be5 Rd7 29. Rxd7+ Bxd7 30. Kf2 Bc6 31. Ke3 Ke7 32. Bxg7
a6 33. g4 fxg4 34. f5 Kf7 35. Be5 h5 36. Bg3 Bf3 37. Kf4 Bd1 38. Bf2 Bc2 39.
Bxc5 Bb1 40. a3 Ba2 41. Bd4 Bxb3 42. c5 Ba4 43. Kg5 Bd7 44. f6 1-0